000 00630nam a22001937a 4500
999 _c189503
_d189503
005 20220906152940.0
010 _aB-745490
020 _a8187542829
_c450.00
035 _aB-745490
037 _bPinkCIty Publishers
100 _aVarma, Ravi S.
245 _aLearn Correct English:
_b(English-Hindi)/
_cRavi S. Varma and Sanjay Dutta
260 _aJaipur
_bPink City
_c2021
270 _aRam Bhawam,Chaura Rasta
_bJaipur
_e302003
300 _axvi,656p.
_c21cm(Pbk)
700 _aDutta, Sanjay
942 _2ddc
_cEN
_mVAR
_h485